Statistics for Countries with a "j" in their name.

Click here to take the quiz!

General Stats

  • This quiz has been taken 1,645 times
  • The average score is 5 of 7

Answer Stats

Answer% Correct
Japan
91%
Jamaica
89%
Jordan
84%
Azerbaijan
62%
Tajikistan
56%
Djibouti
52%
Fiji
44%

Score Distribution

Percentile by Number Answered

Percent of People with Each Score

Your Score History

You have not taken this quiz